000 00975nam a2200253Ia 4500
003 IN-BaIIA
008 211028s9999 xx 000 0 eng d
020 _a981-02-1684-X
040 _cIIA Library
080 _a53(082.1)
_bNEW
111 _aKazimierz Meeting on Elementary pticle Physics
_n16th
_cKazimierz
_d1993 May 24-28
_919379
245 0 _aNew Physics with new experiments
_bproceedings of XVI Kazimierz meeting on elementary pt.icle Physics, held in Kazimierz, Poland, 24-28 May 1993
_cedited by Z. Ajduk..[et.al]
260 _aSingapore
_bWorld Scientific
_c1994
300 _a[various pagings.]
650 _aAstronomy and Astrophysics thesaurus
650 _aCosmology
650 _aNeutrino Physics
_915442
650 _aPhysics
_973
650 _apticle Physics
_92818
700 _aAjduk, Z., ed.
_919380
700 _aPokorski, S., ed.
_919381
700 _aWroblewski, A. K., ed.
_919382
942 _cBK
999 _c11301
_d11301